Drużyny F1 2025 - Statystyki

Ogólne statystyki
  • Ten quiz został rozwiązany 4 065 razy
  • Średni wynik to 7 z 10
Statystyki odpowiedzi
Drużyna % Poprawnych
Ferrari HP
96%
Mercedes-AMG Petronas
93%
Oracle Red Bull
91%
McLaren
90%
Aston Martin Aramco
74%
Atlassian Williams
67%
Stake Kick Sauber
63%
MoneyGram Haas
61%
BWT Alpine
59%
Visa Cash App Racing Bulls
55%
Nie znaleziono quizów pasujących do podanych kryteriów
Rozkład punktacji
Procent ludzi z każdym wynikiem
Percentyl według liczby udzielonych odpowiedzi
Twoja historia wyników
Nie rozwiązałeś tego quizu